书目信息 |
| 题名: |
公孙龙子研究
|
|
| 作者: | 庞朴 著 | |
| 分册: | ||
| 出版信息: | 北京 中华书局 1979 |
|
| 页数: | 156页 | |
| 开本: | 20cm | |
| 丛书名: | ||
| 单 册: | ||
| 中图分类: | B225.45 | |
| 科图分类: | ||
| 主题词: | 名家--研究 | |
| 电子资源: | ||
| ISBN: | ||
| 000 | 00587nam0 2200229 450 | |
| 001 | 1535254468 | |
| 005 | 20150123094819.82 | |
| 010 | @dCNY0.60 | |
| 091 | @a2018.157 | |
| 100 | @a19950712d1979 emky0chiy0110 ea | |
| 101 | 0 | @achi |
| 102 | @aCN@b110000 | |
| 105 | @ay z 000yy | |
| 200 | 1 | @a公孙龙子研究@9gong sun long zi yan jiu@f庞朴著 |
| 210 | @a北京@c中华书局@d1979 | |
| 215 | @a156页@d20cm | |
| 605 | @a公孙龙子@x研究 | |
| 606 | 0 | @a名家@x研究 |
| 690 | @aB225.45@v5 | |
| 701 | 0 | @a庞朴@9pang pu@f(1928.10~)@4著 |
| 801 | 0 | @aCN@bTSSF@c20150123 |
| 905 | @aZUCC@dB225.45@eJY1 | |
| 公孙龙子研究/庞朴著.-北京:中华书局,1979 |
| 156页;20cm |
| ISBN :CNY0.60 |
| ● |
| 相关链接 |
|
|
|
|
正题名:公孙龙子研究
索取号:B225.45/JY1
 
预约/预借
| 序号 | 登录号 | 条形码 | 馆藏地/架位号 | 状态 | 备注 |
| 1 | 7844378 | 278443784 | 学院路分馆/ [索取号:B225.45/JY1] | 在馆 | |
| 2 | 7844379 | 278443793 | 学院路分馆/ [索取号:B225.45/JY1] | 在馆 |